Ligue 2, clubs de la saison 2025-2026. - Statistiques

Statistiques générales
  • Ce quiz a été pris 148 fois
  • Le résultat moyen est 14 sur 18
Statistiques - réponses
Classement saison 2025 Club % Correct
17e Ligue 1 AS Saint-Étienne
98%
16e Ligue 1 Stade de Reims
97%
18e Ligue 1 Montpellier HSC
92%
4e USL Dunkerque
83%
1er National AS Nancy-Lorraine
82%
16e Clermont Foot 63
80%
13e Pau FC
76%
5e EA Guingamp
75%
2e National Le Mans FC
75%
14e Rodez AF
74%
8e SC Bastia
74%
7e Stade lavallois
73%
12e AC Ajaccio
73%
15e Red Star FC
72%
9e Grenoble Foot 38
72%
11e Amiens SC
70%
6e FC Annecy
70%
10e ES Troyes AC
68%
Aucun quiz correspondant
Distribution des résultats
% des personnes avec chaque résultat
Percentile par nombre de réponses
Votre historique - résultats
Vous n’avez pas pris ce quiz